000 00445nam a2200193Ia 4500
008 240510s9999 xx 000 0 und d
020 _a096818300X
041 _aEng
082 _a006.31
082 _bD18
100 _aDAVIES B.
245 0 _aPRACTICAL ROBOTICS
260 _bRICHMOND HILL : WERD TECHNOLOGIES
260 _c1997
300 _a337 p.
650 _aARTIFICIAL INTELLIGNENCE : ROBOTICS
942 _2ddc
942 _cLBK
999 _c26355
_d26355
945 _a1
_bMadushi Gamage
_c1
_dMadushi Gamage